'B' in Geography Quiz Stats

Quiz Updated Jul 13, 2017

Also try: 'A' in Geography
Challenge
Share
Tweet
Score 0/16 Timer 05:00
1 Play Today
Question Answer % Correct
Which of New York City's five boroughs is the most populous?Brooklyn
86.7%
What was the previous name of the country Myanmar?Burma
84.4%
Which narrow passage of sea separates Russia and the United States?Bering Strait
79.5%
Which British territory in the North Atlantic gives its name to a mysterious geometrical region?Bermuda
79.3%
Which province in the Pacific Northwest is Canada's westernmost?British Columbia
70%
Which ancient city-state supposedly having a wonder of the ancient world is located in Iraq?Babylon
69.6%
Can you name the country whose flag is in the images above?Bhutan
69.5%
What sea is the 2014 Winter Olympic Park in Sochi, Russia located by?Black Sea
67.9%
Question Answer % Correct
Situated in SE Asia, which island is divided among Brunei, Indonesia and Malaysia?Borneo
64.8%
Can you name the landmark in the images above?Brandenburg Gate
63.7%
Which Indo-Aryan language is spoken by 230 million people, largely in Bangladesh?Bengali
61.5%
Can you name the country whose outline is in the images above?Belgium
55.8%
Located in Siberia, what is the name of the world's largest freshwater lake (by volume)?Baikal
51%
What currency is in circulation in Thailand?Baht
48.9%
Can you name the water body located in the images above?Bay of Biscay
47.5%
At 507,451 km2, what is the name of Canada's largest and the world's fifth largest island?Baffin Island
45.3%

You're not logged in!

Compare scores with friends on all Sporcle quizzes.
Sign Up with Email
OR
Log In

You Might Also Like...

Show Comments

Extras

Top Quizzes Today


Score Distribution

Your Account Isn't Verified!

In order to create a playlist on Sporcle, you need to verify the email address you used during registration. Go to your Sporcle Settings to finish the process.